| 000 | 00616nam a2200229Ia 4500 | ||
|---|---|---|---|
| 003 | OSt | ||
| 005 | 20221007074225.0 | ||
| 006 | a|||||r|||| 00| 0 | ||
| 007 | ta | ||
| 008 | 221006b |||||||| |||| 00| 0 eng d | ||
| 024 | _a25,538 | ||
| 037 | _cTextual | ||
| 040 |
_aFLL _cFLL _beng |
||
| 041 |
_2eng _aeng |
||
| 082 | _aV58:2:Z, M1 | ||
| 100 |
_aLukyanov A. _9692749 |
||
| 245 | 0 | _aSoviet constitution and the myths of sovietologists | |
| 260 |
_aMoscow _bProgress Publishers _c1981 |
||
| 300 |
_a244p _ccm. |
||
| 942 |
_hV58:2:Z, M1 _cTEXL _2CC |
||
| 999 |
_c1151598 _d1151598 |
||